[Event "International Championship of Central Se"]
[Site "Paracin, hotel "]
[Date "2016.07.09"]
[Round "4.29"]
[White "Vujacic, Borivoje"]
[Black "Sukovic, Andrej"]
[Result "1/2-1/2"]
[WhiteElo "2265"]
[BlackElo "2084"]
[PlyCount "131"]
[EventDate "2016.07.07"]

1. e4 c5 2. Nf3 d6 3. Bc4 Nf6 4. d3 e6 5. Bb3 Be7 6. O-O O-O 7. Re1 b5 8. c3
Bb7 9. Bf4 Nbd7 10. Nbd2 e5 11. Bg5 h6 12. Bh4 a5 13. a4 b4 14. Nc4 g6 15. Ne3
Kh8 16. Nd2 Ne8 17. Bxe7 Qxe7 18. Nd5 Bxd5 19. Bxd5 Ra7 20. d4 Nb6 21. Nc4 Nxc4
22. Bxc4 Nc7 23. Qd2 Kg7 24. Rad1 bxc3 25. bxc3 cxd4 26. cxd4 Ne6 27. dxe5 dxe5
28. Qd6 Nd4 29. Qxe7 Rxe7 30. f4 f6 31. fxe5 fxe5 32. Rb1 Rc7 33. Bb5 Rc2 34.
Bd3 Rc3 35. Rbd1 h5 36. h3 Ra3 37. Bb5 Rc8 38. Rc1 Rxc1 39. Rxc1 Nxb5 40. axb5
Rb3 41. Rc7+ Kf6 42. Rc6+ Kg5 43. b6 a4 44. Rc4 a3 45. Ra4 Kf4 46. b7 Rxb7 47.
Rxa3 Kxe4 48. Ra6 Kf5 49. g4+ hxg4 50. hxg4+ Kg5 51. Re6 Rb5 52. Kf2 Kxg4 53.
Rxg6+ Kf5 54. Ra6 Rb2+ 55. Ke3 Rb3+ 56. Ke2 Kf4 57. Rf6+ Ke4 58. Rh6 Re3+ 59.
Kd2 Rg3 60. Ke2 Rg2+ 61. Kf1 Ra2 62. Rh3 Rd2 63. Ke1 Rd3 64. Rh1 Ke3 65. Rh3+
Kd4 66. Rh2 1/2-1/2

[Event "International Championship of Central Se"]
[Site "Paracin, hotel "]
[Date "2016.07.09"]
[Round "4.30"]
[White "Topalov, Aleksandar"]
[Black "Bejatovic, Bojana"]
[Result "1-0"]
[WhiteElo "2250"]
[BlackElo "2019"]
[PlyCount "111"]
[EventDate "2016.07.07"]

1. b3 f5 2. Bb2 Nf6 3. Bxf6 exf6 4. c4 d5 5. cxd5 Qxd5 6. Nc3 Qa5 7. e3 c6 8.
Nge2 Bd6 9. g3 O-O 10. Bg2 Na6 11. O-O Bd7 12. a3 Rac8 13. b4 Qd8 14. Qc2 Nc7
15. Rab1 g5 16. f4 g4 17. Na4 Ne6 18. h3 h5 19. hxg4 hxg4 20. Qd3 Qe7 21. Rfc1
Rcd8 22. Kf2 Kg7 23. Rh1 Rh8 24. Rxh8 Rxh8 25. Nd4 Nxd4 26. Qxd4 Bb8 27. Nc5
Bc8 28. Qd3 Rd8 29. Qc2 Qd6 30. Nb3 a6 31. d4 Rh8 32. Qc5 Qd8 33. d5 cxd5 34.
Nd4 Rh2 35. Rc1 Rh8 36. Rh1 Rxh1 37. Bxh1 b6 38. Qc6 Qd7 39. Qxd7+ Bxd7 40.
Bxd5 Bd6 41. Be6 Bxe6 42. Nxe6+ Kg6 43. Ke2 a5 44. bxa5 bxa5 45. a4 Bb4 46. Nd4
Bc3 47. Nc2 Kf7 48. Kd3 Bb2 49. Nd4 Kg6 50. Nc6 Ba3 51. Ke2 Kf7 52. Nxa5 Ke6
53. Nb3 Kd5 54. Kd3 Bb4 55. Nd4 Be1 56. Nxf5 1-0

[Event "International Championship of Central Se"]
[Site "Paracin, hotel "]
[Date "2016.07.09"]
[Round "4.22"]
[White "Sahin, Ozgun"]
[Black "Ivic, Velimir"]
[Result "1/2-1/2"]
[WhiteElo "2042"]
[BlackElo "2315"]
[PlyCount "100"]
[EventDate "2016.07.07"]

1. e4 c5 2. Nf3 d6 3. Bb5+ Nc6 4. O-O Bd7 5. c3 Nf6 6. Re1 a6 7. Ba4 b5 8. Bc2
e5 9. h3 Be7 10. d4 O-O 11. Be3 exd4 12. cxd4 Nb4 13. Nc3 Nxc2 14. Qxc2 Bc6 15.
dxc5 dxc5 16. Rad1 Qc7 17. Nd5 Bxd5 18. exd5 Rad8 19. Ng5 h6 20. Ne4 Nxd5 21.
Bxc5 Nb4 22. Qc3 Nxa2 23. Qa3 Bxc5 24. Nxc5 b4 25. Qxa2 Qxc5 26. Qxa6 Rxd1 27.
Rxd1 Qc2 28. Rd4 Qc1+ 29. Kh2 Qxb2 30. Qb6 Qxf2 31. Qxb4 Re8 32. Rf4 Qe3 33.
Qd4 Qxd4 34. Rxd4 g5 35. Rd6 Kg7 36. Kg3 Re2 37. Kf3 Ra2 38. Rb6 f6 39. Rc6 Kg6
40. Rb6 h5 41. Rc6 Ra3+ 42. Kf2 g4 43. hxg4 hxg4 44. g3 Ra2+ 45. Kg1 Kf5 46.
Rc4 Re2 47. Rf4+ Kg5 48. Kf1 Rc2 49. Kg1 Rc1+ 50. Kg2 Rc2+ 1/2-1/2

[Event "International Championship of Central Se"]
[Site "Paracin, hotel "]
[Date "2016.07.09"]
[Round "4.31"]
[White "Maksimovic, Bojan"]
[Black "Jovanovic, Bojan P"]
[Result "1-0"]
[WhiteElo "2131"]
[BlackElo "2246"]
[PlyCount "109"]
[EventDate "2016.07.07"]

1. e4 e6 2. d4 d5 3. Nd2 Nf6 4. Bd3 c5 5. e5 Nfd7 6. c3 Nc6 7. Ne2 cxd4 8. cxd4
f6 9. exf6 Nxf6 10. O-O Bd6 11. Nf3 Qc7 12. Re1 O-O 13. Bd2 e5 14. dxe5 Nxe5
15. Nxe5 Bxe5 16. h3 Bxb2 17. Bf4 Be5 18. Rc1 Qd6 19. Bxe5 Qxe5 20. Nd4 Qf4 21.
g3 Qh6 22. Re7 Bd7 23. Rc7 Rac8 24. Nf5 Bxf5 25. Rxg7+ Qxg7 26. Rxg7+ Kxg7 27.
Bxf5 Rce8 28. Qd4 Re1+ 29. Kg2 Re2 30. g4 Kh6 31. Kf1 Rxa2 32. h4 Kg7 33. g5
Ra6 34. gxf6+ Raxf6 35. Bg4 Rd8 36. Qxa7 Rdf8 37. Qxb7+ R8f7 38. Qb2 Kg6 39.
h5+ Kg7 40. f3 h6 41. Qe5 Rf8 42. Qxd5 Kh7 43. Kf2 Kg7 44. Kg3 Kh7 45. Qe5 R8f7
46. Qe4+ Kg7 47. Kg2 Rf8 48. Qd4 Kh7 49. Qe5 R8f7 50. Be6 Rf8 51. Bd5 Kg7 52.
f4 Kh8 53. f5 Kh7 54. Qe7+ Kh8 55. Be6 1-0

[Event "International Championship of Central Se"]
[Site "Paracin, hotel "]
[Date "2016.07.09"]
[Round "4.32"]
[White "Sensay, Emin"]
[Black "Arsic, Djordje"]
[Result "1/2-1/2"]
[WhiteElo "1881"]
[BlackElo "2232"]
[PlyCount "85"]
[EventDate "2016.07.07"]

1. e4 e5 2. Nf3 Nc6 3. Bb5 a6 4. Ba4 Nf6 5. O-O Be7 6. Re1 b5 7. Bb3 d6 8. c3
O-O 9. h3 Na5 10. Bc2 c5 11. d4 Qc7 12. d5 c4 13. Nbd2 Nb7 14. Qe2 Nc5 15. b4
cxb3 16. axb3 Bb7 17. b4 Ncd7 18. c4 Nb6 19. Bd3 bxc4 20. Nxc4 Nxc4 21. Bxc4 a5
22. bxa5 Rxa5 23. Rxa5 Qxa5 24. Bd2 Qb6 25. Be3 Qb4 26. Nd2 Bc8 27. Rb1 Qc3 28.
Qd3 Qxd3 29. Bxd3 g6 30. f3 Kg7 31. Nc4 Bd7 32. Rb7 h6 33. Bd2 Re8 34. Bb4 Bc8
35. Rc7 Ba6 36. Ra7 Bxc4 37. Bxc4 Bf8 38. Ra6 Rd8 39. Ba5 Rd7 40. Bb5 Rb7 41.
Rb6 Ra7 42. Ra6 Rb7 43. Rb6 1/2-1/2

[Event "International Championship of Central Se"]
[Site "Paracin, hotel "]
[Date "2016.07.09"]
[Round "4.33"]
[White "Dogan, Mire Deniz"]
[Black "Obodchuk, Andrei"]
[Result "0-1"]
[WhiteElo "2042"]
[BlackElo "2395"]
[PlyCount "118"]
[EventDate "2016.07.07"]

1. d4 Nf6 2. c4 g6 3. Nc3 d5 4. cxd5 Nxd5 5. e4 Nxc3 6. bxc3 Bg7 7. Nf3 O-O 8.
Be2 c5 9. Rb1 Qa5 10. Qd2 b6 11. O-O Ba6 12. Bxa6 Nxa6 13. Bb2 cxd4 14. cxd4
Qxd2 15. Nxd2 Rfc8 16. Nf3 Rc2 17. Rfc1 Rac8 18. Ba3 e6 19. g4 Rxc1+ 20. Rxc1
Rxc1+ 21. Bxc1 Nb4 22. a4 Nd3 23. Bd2 Nb2 24. a5 b5 25. Kf1 Nc4 26. Ke2 a6 27.
g5 Bf8 28. Kd3 Bd6 29. h4 Bc7 30. d5 Nxd2 31. Nxd2 Bxa5 32. d6 Bb6 33. e5 Kf8
34. Ne4 Ke8 35. Nf6+ Kd8 36. Ng4 a5 37. Kc3 Bc5 38. Ne3 Kd7 39. Nd1 Kc6 40. Kd3
a4 41. Ne3 b4 42. Kc4 b3 43. Kd3 a3 44. Nc4 Kd7 45. Nd2 b2 46. Kc2 Bd4 47. Kb3
Bxe5 48. Kxa3 Bf4 49. Nb1 Bc1 50. Kb3 Kxd6 51. Kc2 Ke5 52. Nc3 Kf4 53. Nb5 Kg4
54. Nd6 Kxh4 55. Nxf7 Kg4 56. Nd8 Kxg5 57. Nxe6+ Kf6 58. Nd4 h5 59. Ne2 Kf5 0-1

[Event "International Championship of Central Se"]
[Site "Paracin, hotel "]
[Date "2016.07.09"]
[Round "4.34"]
[White "Rabrenovic, Vladan"]
[Black "Gulden, Egemen"]
[Result "0-1"]
[WhiteElo "2369"]
[BlackElo "2122"]
[PlyCount "66"]
[EventDate "2016.07.07"]

1. d4 g6 2. c4 Bg7 3. e4 d6 4. h3 Nc6 5. Be3 e5 6. d5 Nce7 7. c5 f5 8. f3 Nf6
9. Nc3 O-O 10. g4 fxe4 11. fxe4 h6 12. Qd2 g5 13. Nge2 Ng6 14. Ng3 Qe7 15. cxd6
cxd6 16. O-O-O Nf4 17. Kb1 a6 18. Na4 b5 19. Nb6 Rb8 20. Nxc8 Rfxc8 21. Nf5 Qd8
22. Bd3 a5 23. h4 b4 24. hxg5 hxg5 25. Qh2 Qd7 26. Qg3 a4 27. Qf3 a3 28. b3 Rc3
29. Bc2 Rbc8 30. Rh2 Qc7 31. Rc1 Rxe3 32. Qxe3 Nxg4 33. Qd2 Nxh2 0-1

[Event "International Championship of Central Se"]
[Site "Paracin, hotel "]
[Date "2016.07.09"]
[Round "4.35"]
[White "Tosic, Srecko"]
[Black "Jovanovic, Aleksandar D"]
[Result "1-0"]
[WhiteElo "2340"]
[BlackElo "2148"]
[PlyCount "53"]
[EventDate "2016.07.07"]

1. d4 f5 2. e4 fxe4 3. Nc3 Nf6 4. Bg5 Nc6 5. d5 Ne5 6. Qe2 d6 7. Bxf6 gxf6 8.
Nxe4 Bh6 9. Qh5+ Nf7 10. Nf3 c5 11. Bb5+ Kf8 12. O-O Rg8 13. h3 Qb6 14. a4 a6
15. Bd3 c4 16. a5 Qb4 17. c3 Qb5 18. Nd4 cxd3 19. Nxb5 axb5 20. f4 Bd7 21. Nd2
Rg6 22. Nb3 Kg7 23. Rae1 Re8 24. Nd4 Kh8 25. Ne6 Reg8 26. Rf2 d2 27. Rd1 1-0

[Event "International Championship of Central Se"]
[Site "Paracin, hotel "]
[Date "2016.07.09"]
[Round "4.36"]
[White "Djokic, Slavoljub"]
[Black "Mladenovic, Stefan"]
[Result "0-1"]
[WhiteElo "2167"]
[BlackElo "2327"]
[PlyCount "67"]
[EventDate "2016.07.07"]

1. c4 e5 2. Nc3 Nc6 3. Nf3 g6 4. g3 Bg7 5. Bg2 d6 6. O-O Nf6 7. d3 h6 8. d4 O-O
9. d5 Ne7 10. h3 a5 11. e4 Nd7 12. g4 Nc5 13. Be3 b6 14. Bxc5 bxc5 15. b3 f5
16. gxf5 gxf5 17. Kh2 fxe4 18. Nxe4 Ng6 19. Rg1 Nf4 20. Bf1 Bf5 21. Nfd2 Qh4
22. Nf3 Qe7 23. Nfd2 Kh8 24. Rg3 h5 25. Qf3 Bh6 26. Re1 h4 27. Rg1 Rg8 28. Qh1
Rxg1 29. Qxg1 Rg8 30. Qh1 Nxh3 31. Bxh3 Bf4+ 32. Ng3 hxg3+ 33. Kg2 gxf2+ 34.
Kxf2 0-1

[Event "International Championship of Central Se"]
[Site "Paracin, hotel "]
[Date "2016.07.09"]
[Round "4.37"]
[White "Bosnjak, Petar"]
[Black "Suc, Timothy"]
[Result "1-0"]
[WhiteElo "2311"]
[BlackElo "2034"]
[PlyCount "93"]
[EventDate "2016.07.07"]

1. e4 c5 2. Nf3 d6 3. d4 cxd4 4. Nxd4 Nf6 5. Nc3 a6 6. h3 e6 7. g4 d5 8. exd5
Nxd5 9. Nde2 Bb4 10. Bg2 Nc6 11. O-O Nxc3 12. Qxd8+ Nxd8 13. Nxc3 Bd7 14. Ne4
Bc6 15. c3 Be7 16. Be3 O-O 17. f4 b5 18. Rad1 Rc8 19. f5 exf5 20. gxf5 f6 21.
Kh2 Nf7 22. Bf4 b4 23. cxb4 Bxb4 24. Rd4 Ba5 25. Rc1 Bb5 26. Nc5 Bb6 27. b4 Ne5
28. Rdd1 Be2 29. Rd6 Bc7 30. Rd4 Bb6 31. Kg3 Nd3 32. Rxd3 Bxd3 33. Nxd3 Rxc1
34. Bxc1 Rd8 35. Be4 Kf7 36. Kf3 g6 37. a4 g5 38. a5 Bg1 39. Nc5 h5 40. Nxa6
Rd1 41. Be3 Bxe3 42. Kxe3 Ra1 43. Nc5 Ra3+ 44. Kd4 g4 45. hxg4 hxg4 46. a6 g3
47. b5 1-0

[Event "International Championship of Central Se"]
[Site "Paracin, hotel "]
[Date "2016.07.09"]
[Round "4.38"]
[White "Ivic, Matija"]
[Black "Rajkovic, Mladen"]
[Result "0-1"]
[WhiteElo "2160"]
[BlackElo "2303"]
[PlyCount "48"]
[EventDate "2016.07.07"]

1. d4 c5 2. d5 e5 3. e4 d6 4. Nc3 g6 5. Bb5+ Nd7 6. a4 a6 7. Bd3 b6 8. Nf3 Bg7
9. Nd2 Qe7 10. O-O Nh6 11. Nc4 Rb8 12. f4 exf4 13. Bxf4 Ne5 14. Nxe5 dxe5 15.
Bg3 O-O 16. Bc4 Qd6 17. Qd3 Ra8 18. Rae1 Kh8 19. h3 f6 20. Re2 Nf7 21. Ref2 f5
22. exf5 gxf5 23. Rxf5 Bxf5 24. Rxf5 Qg6 0-1

[Event "International Championship of Central Se"]
[Site "Paracin, hotel "]
[Date "2016.07.09"]
[Round "4.39"]
[White "Ererdem, Gani Eren"]
[Black "Radovic, Janko"]
[Result "1/2-1/2"]
[WhiteElo "2151"]
[BlackElo "2299"]
[PlyCount "49"]
[EventDate "2016.07.07"]

1. Nf3 c5 2. g3 Nc6 3. Bg2 g6 4. O-O Bg7 5. c3 e5 6. e4 Nge7 7. a3 O-O 8. b4 d5
9. d3 h6 10. bxc5 Qa5 11. exd5 Nxd5 12. Qb3 Nde7 13. Nbd2 Qxc5 14. Ne4 Qa5 15.
Nfd2 Qc7 16. Nc4 b6 17. Ned6 Be6 18. Nb5 Qd7 19. Qc2 Rfd8 20. Nbd6 Bxc4 21.
Nxc4 Qxd3 22. Qxd3 Rxd3 23. Bb2 Rad8 24. Be4 R3d7 25. Bc2 1/2-1/2

[Event "International Championship of Central Se"]
[Site "Paracin, hotel "]
[Date "2016.07.09"]
[Round "4.40"]
[White "Stanojevic, Ilija"]
[Black "Krstulovic, Alex"]
[Result "0-1"]
[WhiteElo "2119"]
[BlackElo "2280"]
[PlyCount "74"]
[EventDate "2016.07.07"]

1. c4 e5 2. Nc3 Nf6 3. Nf3 Nc6 4. g3 Bb4 5. Nd5 Bc5 6. d3 h6 7. Nxe5 Nxd5 8.
Nxc6 dxc6 9. cxd5 cxd5 10. d4 Bd6 11. Bg2 c6 12. O-O O-O 13. e3 Bf5 14. Bd2 Qd7
15. b4 Bc7 16. Qb3 a5 17. a4 axb4 18. Bxb4 Bd6 19. Rfc1 Ra7 20. Bxd6 Qxd6 21.
a5 Rfa8 22. Rc5 Qd8 23. Qb4 Bd7 24. Rac1 Bc8 25. Ra1 Qd7 26. Bf1 Qd6 27. Qb6
Bd7 28. Rb1 Qe7 29. Rbc1 Qd8 30. Qb4 g6 31. Bd3 h5 32. Rb1 Kg7 33. e4 Be6 34.
e5 Qc7 35. Rb2 Bh3 36. Bf1 Bf5 37. Kg2 h4 0-1

[Event "International Championship of Central Se"]
[Site "Paracin, hotel "]
[Date "2016.07.09"]
[Round "4.41"]
[White "Radovic, Luka"]
[Black "Bozilov, Dragan"]
[Result "0-1"]
[WhiteElo "2276"]
[BlackElo "2075"]
[PlyCount "112"]
[EventDate "2016.07.07"]

1. Nf3 Nf6 2. c4 e6 3. g3 b6 4. Bg2 Bb7 5. Nc3 c5 6. O-O Be7 7. d3 O-O 8. e4 d6
9. h3 Nc6 10. Re1 Qc8 11. a3 Rd8 12. Rb1 Nd7 13. b4 Bf6 14. Bb2 Nde5 15. Ba1
Nxf3+ 16. Bxf3 Bd4 17. Bg2 Qd7 18. Qd2 Rac8 19. Kh2 Ne7 20. Qe2 Re8 21. h4 Rcd8
22. Bh3 Qc6 23. Bg2 Qd7 24. Bh3 Qc6 25. f4 Ba8 26. Bg2 Qc8 27. Qg4 Bc6 28. b5
Bb7 29. Re2 Qa8 30. Rbe1 Qc8 31. f5 exf5 32. exf5 Bxg2 33. Kxg2 Be5 34. Rf2 Bd4
35. Ne4 Bxa1 36. Rxa1 Ng6 37. Qh5 Re5 38. Qf3 Nf8 39. Qf4 f6 40. Nc3 Rde8 41.
Nd5 Qb7 42. Qf3 Qf7 43. Raf1 Nd7 44. Qf4 Qf8 45. g4 Re2 46. Nc7 Rxf2+ 47. Rxf2
Re1 48. Ne6 Qa8+ 49. Qf3 Qxf3+ 50. Rxf3 Ne5 51. Rg3 Re2+ 52. Kf1 Rd2 53. Nf4
Rh2 54. Ng2 Rh1+ 55. Ke2 Ra1 56. Ke3 Rxa3 0-1

[Event "International Championship of Central Se"]
[Site "Paracin, hotel "]
[Date "2016.07.09"]
[Round "4.42"]
[White "Tomic, Aleksandar"]
[Black "Cannesar, Rad"]
[Result "1/2-1/2"]
[WhiteElo "2272"]
[BlackElo "1892"]
[PlyCount "80"]
[EventDate "2016.07.07"]

1. d4 d5 2. Nf3 Nf6 3. Bf4 e6 4. e3 Be7 5. Ne5 O-O 6. Nd2 c5 7. c3 Nc6 8. Bd3
Nd7 9. h4 c4 10. Bc2 Qe8 11. Nxd7 Bxd7 12. e4 f5 13. exd5 exd5 14. Kf1 Bf6 15.
Qf3 Qf7 16. g3 Rfe8 17. Kg2 b5 18. Rhe1 b4 19. Bd6 bxc3 20. bxc3 Bxd4 21. cxd4
Nxd4 22. Qd1 c3 23. Nb3 Nxc2 24. Qxc2 d4 25. f3 Qc4 26. Be5 a5 27. Nxd4 Rxe5
28. Rxe5 Qxd4 29. Qb3+ Kh8 30. Rae1 Ba4 31. Qf7 h6 32. Rd5 Qb6 33. Qxf5 Qb2+
34. Kh3 c2 35. Rc5 Qb4 36. Rc8+ Rxc8 37. Qxc8+ Kh7 38. Qf5+ Kh8 39. Qe4 Bd7+
40. g4 Qd2 1/2-1/2

[Event "International Championship of Central Se"]
[Site "Paracin, hotel "]
[Date "2016.07.09"]
[Round "4.43"]
[White "Cvetkovic, Nemanja"]
[Black "Peycheva, Gergana"]
[Result "0-1"]
[WhiteElo "2227"]
[BlackElo "2016"]
[PlyCount "114"]
[EventDate "2016.07.07"]

1. d4 Nf6 2. Nf3 e6 3. c4 b6 4. g3 Ba6 5. Nbd2 Bb4 6. Qc2 Bb7 7. Bg2 Be4 8. Qd1
Bxd2+ 9. Qxd2 O-O 10. O-O d5 11. b3 Nbd7 12. cxd5 exd5 13. Qc3 c5 14. dxc5 bxc5
15. e3 Qb6 16. Bb2 Rfe8 17. Rfd1 Rac8 18. Nd2 Bxg2 19. Kxg2 Qb7 20. Kg1 Ne5 21.
Qa5 Re6 22. Bxe5 Rxe5 23. Rac1 Qb6 24. Qc3 Ree8 25. Rc2 h6 26. Qd3 Red8 27.
Rdc1 Qa5 28. Qc3 Qb6 29. Qe5 Re8 30. Qf4 Re7 31. Qf5 Rec7 32. Nf3 c4 33. bxc4
dxc4 34. Nd2 Rc5 35. Qf3 Qb5 36. e4 Nd7 37. Qe2 Ne5 38. Rb1 Qa4 39. Nf1 Nf3+
40. Qxf3 Qxc2 41. Rb7 R5c7 42. Qf5 Qxa2 43. Ne3 Qa6 44. Rxc7 Rxc7 45. Nd5 Rb7
46. Qc8+ Kh7 47. Kg2 Qb5 48. Qf5+ Kh8 49. Qc8+ Kh7 50. Qf5+ g6 51. Qe5 Qb2 52.
Nf6+ Kh8 53. Qf4 Kg7 54. Ne8+ Kf8 55. Nd6 Re7 56. Nxc4 Qd4 57. Nd6 g5 0-1

[Event "International Championship of Central Se"]
[Site "Paracin, hotel "]
[Date "2016.07.09"]
[Round "4.44"]
[White "Chekletsov, Egor"]
[Black "Dimitrijevic, Nenad"]
[Result "1/2-1/2"]
[WhiteElo "2009"]
[BlackElo "2225"]
[PlyCount "86"]
[EventDate "2016.07.07"]

1. d4 Nf6 2. c4 d6 3. Nc3 g6 4. e4 Bg7 5. Nf3 O-O 6. Be2 Na6 7. Be3 e5 8. O-O
Ng4 9. Bg5 f6 10. Bh4 g5 11. Bg3 Nh6 12. h4 g4 13. Nh2 exd4 14. Qxd4 Be6 15.
Qd1 f5 16. exf5 Nxf5 17. Nxg4 Nxh4 18. Ne3 Kh8 19. Bg4 Nf5 20. Nxf5 Bxf5 21.
Bxf5 Rxf5 22. Qg4 Rg5 23. Qf3 Qf8 24. Qxf8+ Rxf8 25. Ne4 Rgf5 26. Rab1 Nc5 27.
Nxc5 Rxc5 28. b3 Be5 29. Bxe5+ Rxe5 30. Rfe1 Rfe8 31. Rxe5 Rxe5 32. Rb2 Re1+
33. Kh2 Kg7 34. Kg3 Kf6 35. Kf4 a5 36. g4 b6 37. Rd2 a4 38. f3 a3 39. Rh2 Kg6
40. g5 Re5 41. Rh6+ Kg7 42. Rh2 Re1 43. Kf5 Re5+ 1/2-1/2

[Event "International Championship of Central Se"]
[Site "Paracin, hotel "]
[Date "2016.07.09"]
[Round "4.45"]
[White "Krasteva, Beloslava"]
[Black "Perovic, Zivojin"]
[Result "1/2-1/2"]
[WhiteElo "1933"]
[BlackElo "2219"]
[PlyCount "97"]
[EventDate "2016.07.07"]

1. d4 Nf6 2. c4 g6 3. Nc3 Bg7 4. e4 d6 5. Nf3 O-O 6. Be2 Nbd7 7. Be3 e5 8. d5
a5 9. a3 Nc5 10. Nd2 c6 11. b4 axb4 12. axb4 Rxa1 13. Qxa1 Na6 14. Qa3 cxd5 15.
cxd5 Ne8 16. O-O f5 17. f3 f4 18. Bf2 Rf7 19. Rc1 g5 20. b5 Nac7 21. b6 Na6 22.
Nb5 Bf8 23. Na7 Nc5 24. Nb3 Bd7 25. Nxc5 dxc5 26. Bxc5 Qxb6 27. Bxb6 Bxa3 28.
Rc3 Bd6 29. Bb5 Kf8 30. Bxd7 Rxd7 31. Nb5 Ke7 32. Rc8 Bb4 33. Kf1 h5 34. h3 Kf7
35. Ke2 Bf8 36. Kd3 Nf6 37. Bd8 Nxd5 38. exd5 Rxd5+ 39. Kc4 Rd2 40. Bxg5 Rxg2
41. Rc7+ Ke6 42. Bh4 Rh2 43. Rh7 Rxh3 44. Nc7+ Kf5 45. Rxh5+ Kg6 46. Rg5+ Kh7
47. Ne6 Bh6 48. Rxe5 Rxh4 49. Rb5 1/2-1/2

[Event "International Championship of Central Se"]
[Site "Paracin, hotel "]
[Date "2016.07.09"]
[Round "4.46"]
[White "Injac, Teodora"]
[Black "Ilic, Ilija"]
[Result "1-0"]
[WhiteElo "2215"]
[BlackElo "1866"]
[PlyCount "113"]
[EventDate "2016.07.07"]

1. d4 d6 2. Nf3 Nf6 3. c4 g6 4. Nc3 Bg7 5. e4 Nc6 6. d5 Ne5 7. Nxe5 dxe5 8. Be2
O-O 9. Be3 h6 10. O-O Kh7 11. Qb3 b6 12. a4 Nd7 13. a5 f5 14. f3 f4 15. Bf2 Rf6
16. Qc2 g5 17. b4 h5 18. c5 bxc5 19. bxc5 a6 20. Rfd1 Rh6 21. Qa4 Nf6 22. d6
exd6 23. cxd6 Bd7 24. Qa2 cxd6 25. Rxd6 Qc7 26. Rd3 g4 27. Bb6 Qc8 28. Rc1 h4
29. Qb2 Qe8 30. fxg4 Bxg4 31. Bxg4 Nxg4 32. h3 Nf6 33. Qe2 Qc6 34. Rdd1 Qe8 35.
Nd5 Nxd5 36. Rxd5 Rc8 37. Rcd1 Qa4 38. Rd7 Rc2 39. Rxg7+ Kxg7 40. Qg4+ Rg6 41.
Rd7+ Qxd7 42. Qxd7+ Kh6 43. Bf2 Rc1+ 44. Kh2 Rc2 45. Qa7 Re2 46. Qe7 Rxe4 47.
Qxh4+ Kg7 48. Qe7+ Kh6 49. Qf8+ Kh7 50. Qa8 Ra4 51. Qd5 Rb4 52. Qf7+ Rg7 53.
Qf5+ Kg8 54. Qxe5 Rb5 55. Qe6+ Kh7 56. Qxa6 Rbg5 57. Qa8 1-0

[Event "International Championship of Central Se"]
[Site "Paracin, hotel "]
[Date "2016.07.09"]
[Round "4.48"]
[White "Dimitrov, Vladimir"]
[Black "Apontecastillo, Ernesto"]
[Result "1-0"]
[WhiteElo "2413"]
[BlackElo "2100"]
[PlyCount "85"]
[EventDate "2016.07.07"]

1. d4 d5 2. Nf3 Nf6 3. c4 c6 4. Nc3 a6 5. c5 Nbd7 6. Bf4 Nh5 7. Bd2 e5 8. Nxe5
Nxe5 9. dxe5 Qe7 10. Be3 Qxe5 11. Bd4 Qg5 12. e3 Nf6 13. Qf3 Be7 14. Qg3 Qxg3
15. hxg3 Bf5 16. f3 O-O 17. g4 Bg6 18. Rc1 Nd7 19. Na4 Rfe8 20. Kd2 Bd8 21. Bd3
Ba5+ 22. Ke2 Nf8 23. Bxg6 hxg6 24. Kd3 Ne6 25. Rc2 Re7 26. Be5 Bc7 27. Bd6 Bxd6
28. cxd6 Ree8 29. b4 Red8 30. Nc5 Rab8 31. g3 Nf8 32. g5 Rxd6 33. Rch2 f6 34.
gxf6 Rxf6 35. f4 Kf7 36. e4 dxe4+ 37. Nxe4 Rd8+ 38. Kc3 Rf5 39. Ng5+ Ke7 40.
Re1+ Kd7 41. Rd2+ Kc8 42. Re7 Rd7 43. Re8+ 1-0

[Event "International Championship of Central Se"]
[Site "Paracin, hotel "]
[Date "2016.07.09"]
[Round "4.49"]
[White "Dezelin, Milan"]
[Black "Mitev, Valentin"]
[Result "1/2-1/2"]
[WhiteElo "2259"]
[BlackElo "2073"]
[PlyCount "89"]
[EventDate "2016.07.07"]

1. d4 Nf6 2. Bg5 e6 3. e4 Be7 4. e5 Nd5 5. h4 h6 6. Bd2 d6 7. c4 Nb6 8. exd6
cxd6 9. Nf3 Nc6 10. Nc3 d5 11. c5 Nd7 12. a3 a5 13. Bf4 O-O 14. Bb5 Re8 15. Bg3
Nf6 16. Qd3 Bd7 17. O-O b6 18. Bxc6 Bxc6 19. Ne5 Bb7 20. b4 bxc5 21. dxc5 Nd7
22. Nxd7 Qxd7 23. Rfd1 Bf6 24. Rac1 axb4 25. axb4 Ra3 26. Qd2 Bc6 27. Ne4 Be7
28. Nd6 Rea8 29. Qe2 Bxd6 30. Bxd6 f6 31. Qg4 R8a7 32. Re1 e5 33. Qxd7 Rxd7 34.
Ra1 Raa7 35. Reb1 Kf7 36. Rxa7 Rxa7 37. b5 Rb7 38. b6 Ke6 39. f3 d4 40. Kf2 f5
41. Rd1 Kd5 42. f4 e4 43. Be5 d3 44. Ke3 Rd7 45. Bd6 1/2-1/2

[Event "International Championship of Central Se"]
[Site "Paracin, hotel "]
[Date "2016.07.09"]
[Round "4.50"]
[White "Zivic, Dragan"]
[Black "Stojkovska, Monika"]
[Result "0-1"]
[WhiteElo "2244"]
[BlackElo "2005"]
[PlyCount "118"]
[EventDate "2016.07.07"]

1. e4 e6 2. d4 d5 3. Nd2 Nf6 4. e5 Nfd7 5. c3 c5 6. Bd3 Nc6 7. Ne2 cxd4 8. cxd4
f6 9. exf6 Qxf6 10. Nf3 h6 11. O-O Bd6 12. Bc2 O-O 13. Ng3 Rd8 14. a3 Nf8 15.
Re1 Qf7 16. b4 Bd7 17. Qd3 Rac8 18. Bd2 a6 19. Rac1 Rc7 20. Bb1 Rdc8 21. Rc3
Be8 22. Rec1 Qf6 23. Qe3 Bg6 24. Ba2 Bf7 25. Re1 Na7 26. Rxc7 Rxc7 27. Ne5 Nc8
28. f4 Nb6 29. Rf1 Nc4 30. Bxc4 dxc4 31. f5 Bxe5 32. dxe5 Qd8 33. f6 g5 34. h4
Qd3 35. hxg5 Qxe3+ 36. Bxe3 hxg5 37. Ne4 Ng6 38. Bd4 Rd7 39. Nd6 Nf4 40. Kf2
Nd5 41. Ke2 Bg6 42. Kd2 b5 43. Rf3 g4 44. Rf2 Rh7 45. g3 Rh3 46. f7+ Bxf7 47.
Rxf7 Rxg3 48. Bf2 Rxa3 49. Ra7 Ra2+ 50. Ke1 c3 51. Bh4 Ra1+ 52. Ke2 c2 53. Bg5
c1=Q 54. Bxc1 Rxc1 55. Ra8+ Kh7 56. Ne4 Kg6 57. Ng3 Kg5 58. Rf8 Rc2+ 59. Ke1
Rc4 0-1

[Event "International Championship of Central Se"]
[Site "Paracin, hotel "]
[Date "2016.07.09"]
[Round "4.51"]
[White "Malinarski, Yehuda"]
[Black "Kisic, Bozidar"]
[Result "1/2-1/2"]
[WhiteElo "2104"]
[BlackElo "2215"]
[PlyCount "83"]
[EventDate "2016.07.07"]

1. e4 g6 2. d4 Bg7 3. Nc3 d6 4. h3 a6 5. Nf3 b5 6. a4 b4 7. Nd5 a5 8. Bd3 e6 9.
Ne3 Nd7 10. O-O Bb7 11. Re1 Ne7 12. c3 bxc3 13. bxc3 O-O 14. Rb1 Qc8 15. Ba3
Re8 16. Qc2 Rb8 17. h4 Ba6 18. Rxb8 Nxb8 19. Rb1 Nbc6 20. Bb5 Rd8 21. Qd3 Bb7
22. Qe2 Qa8 23. Bd3 Na7 24. Ng5 h6 25. Nf3 Nec8 26. Nd2 Nb6 27. Ndc4 Nac8 28.
Nxb6 Nxb6 29. f3 Qa7 30. Bc1 e5 31. d5 h5 32. Bb5 Bh6 33. Qf2 Ba6 34. Nf5 gxf5
35. Bxh6 f4 36. g3 f6 37. gxf4 Kh7 38. fxe5 Bxb5 39. axb5 Kxh6 40. e6 Nc8 41.
Qxa7 Nxa7 42. b6 1/2-1/2

[Event "International Championship of Central Se"]
[Site "Paracin, hotel "]
[Date "2016.07.09"]
[Round "4.52"]
[White "Soilemetzidis, Konstantinos"]
[Black "Tisma, Ivan"]
[Result "0-1"]
[WhiteElo "2035"]
[BlackElo "2212"]
[PlyCount "76"]
[EventDate "2016.07.07"]

1. e4 c5 2. Nf3 d6 3. d4 cxd4 4. Qxd4 Nc6 5. Bb5 Bd7 6. Bxc6 Bxc6 7. Nc3 h6 8.
Be3 Nf6 9. O-O-O e6 10. h3 Be7 11. Kb1 O-O 12. g4 b5 13. g5 hxg5 14. Nxg5 e5
15. Qd2 b4 16. Nd5 Bxd5 17. exd5 a5 18. Rhg1 Qd7 19. Qd3 Rfe8 20. f4 Bf8 21.
fxe5 Rxe5 22. Bd4 Rxd5 23. Rdf1 Re8 24. b3 Ree5 25. h4 Be7 26. Qc4 Rf5 27. Bb2
Bd8 28. Ne4 Nh5 29. Re1 Kh7 30. Ng3 Nxg3 31. Rxg3 g6 32. Rge3 Rc5 33. Re8 Bf6
34. Bxf6 Rxf6 35. Qd4 Qf5 36. R1e4 Rd5 37. Qb6 Rd1+ 38. Kb2 Qf1 0-1